Phân tích hiệu quả sản xuất và một số giải pháp phát triển sản xuất cây bắp tại huyện Trà Cú, tỉnh Trà Vinh Luận văn thạc sĩ Phát triển nông thôn. Ngành: Phát triển nông thôn. Mã ngành: 60620116

Gespeichert in:
Bibliographische Detailangaben
1. Verfasser: Trầm, Thanh Cần
Körperschaften: Ủy ban Nhân dân tỉnh Trà Vinh, Trường Đại học Trà Vinh
Weitere Verfasser: Trầm Thanh Cân; Nguyễn Ngọc Đệ
Sprache:Undetermined
Veröffentlicht: Trà Vinh Trường Đại học Trà Vinh 2017
Schlagworte:
Tags: Tag hinzufügen
Keine Tags, Fügen Sie den ersten Tag hinzu!
Thư viện lưu trữ: Trung tâm Học liệu Trường Đại học Trà Vinh
LEADER 01103nam a2200277Ia 4500
001 TVU_26541
008 210423s9999 xx 000 0 und d
041 |a Vie 
082 |a 338.16 
082 |b C121 
100 |a Trầm, Thanh Cần 
245 0 |a Phân tích hiệu quả sản xuất và một số giải pháp phát triển sản xuất cây bắp tại huyện Trà Cú, tỉnh Trà Vinh 
245 0 |b Luận văn thạc sĩ Phát triển nông thôn. Ngành: Phát triển nông thôn. Mã ngành: 60620116 
245 0 |c Trầm Thanh Cân ; Nguyễn Ngọc Đệ (hướng dẫn khoa học) 
260 |a Trà Vinh 
260 |b Trường Đại học Trà Vinh 
260 |c 2017 
300 |a viii, 51, 27 tr. 
300 |c 27 cm 
504 |a Thư mục: tr.50-51 
650 |a Kinh tế sản xuất; Production economics 
700 |a Trầm Thanh Cân; Nguyễn Ngọc Đệ  
700 |e người hướng dẫn khoa học 
710 |a Ủy ban Nhân dân tỉnh Trà Vinh 
710 |b Trường Đại học Trà Vinh 
980 |a Trung tâm Học liệu Trường Đại học Trà Vinh